[Event "89th Hastings Masters 2013-14"]
[Site "Hastings ENG"]
[Date "2013.12.29"]
[Round "2.32"]
[White "Roggensack, Hans Peter"]
[Black "Repplinger, Marc"]
[Result "0-1"]
[WhiteElo "1972"]
[BlackElo "2245"]
[WhiteFideId "12904767"]
[BlackFideId "4651120"]
[EventDate "2013.12.28"]

1. e4 e6 2. Qe2 Nf6 3. e5 Nd5 4. c4 Nb4 5. d3 c5 6. Bf4 N8c6 7. Nf3 d5 8. exd6
Qa5 9. Bd2 Bxd6 10. Na3 a6 11. g3 O-O 12. Bg2 e5 13. O-O Bf5 14. Bxb4 Nxb4 15.
Rfd1 Qc7 16. Nc2 Nxc2 17. Qxc2 Rad8 18. Ng5 Be7 19. Ne4 Bxe4 20. Bxe4 f5 21.
Bd5+ Kh8 22. a4 b6 23. Qe2 Rf6 24. Qf3 Rdf8 25. Bb7 e4 0-1

[Event "89th Hastings Masters 2013-14"]
[Site "Hastings ENG"]
[Date "2013.12.29"]
[Round "2.33"]
[White "ter Steeg, Marcus"]
[Black "McPhillips, Joseph"]
[Result "0-1"]
[WhiteElo "1942"]
[BlackElo "2199"]
[WhiteFideId "24676799"]
[BlackFideId "422487"]
[EventDate "2013.12.28"]

1. d4 e6 2. c4 Nf6 3. Nc3 Bb4 4. Qc2 O-O 5. a3 Bxc3+ 6. Qxc3 d5 7. cxd5 Ne4 8.
Qc2 exd5 9. e3 Bf5 10. Bd3 c5 11. dxc5 Nd7 12. Nf3 Ndxc5 13. Nd4 Nxd3+ 14. Qxd3
Bg6 15. Qb5 a6 16. Qb4 Rc8 17. O-O b5 18. b3 Nc3 19. a4 a5 20. Qa3 b4 21. Qb2
Bd3 22. Re1 Qf6 23. f3 Rfe8 24. Qd2 Ba6 25. Bb2 Rc7 26. Rac1 Rec8 27. Nb5 Bxb5
28. axb5 Rc5 29. Bxc3 bxc3 30. Qd3 Qb6 31. Red1 g6 32. Rc2 Rxb5 33. Rxc3 Rxc3
34. Qxc3 Rxb3 35. Qd4 Qe6 36. Qxd5 Qxe3+ 37. Kh1 Qc3 38. h3 Rb8 39. Qd4 Qxd4 40.
Rxd4 Ra8 41. Ra4 Kf8 42. Kg1 Ke7 43. Kf2 Kd6 44. Ke3 Kc5 45. Kd3 Kb5 46. Ra1 a4
47. Rb1+ Kc5 48. Rc1+ Kd5 49. Ra1 a3 50. Ra2 g5 51. Kc3 Ke5 52. Kd3 Kf4 53. Ke2
Kg3 54. Ke3 Ra4 55. Kd3 f5 56. Kc3 h5 57. Kb3 Ra8 58. Kc4 g4 59. fxg4 fxg4 60.
hxg4 hxg4 61. Kd4 Re8 62. Kd3 Kh2 63. Kd2 Kxg2 64. Kd1+ Kh3 65. Rxa3+ g3 66. Ra7
g2 67. Rh7+ Kg3 68. Rg7+ Kh2 69. Rh7+ Kg1 70. Rf7 Re5 71. Kd2 Kh2 72. Rh7+ Kg3
73. Rg7+ Kh3 74. Rg8 Rh5 75. Ke2 Kh2 0-1

[Event "89th Hastings Masters 2013-14"]
[Site "Hastings ENG"]
[Date "2013.12.29"]
[Round "2.34"]
[White "Kewes, Gerd"]
[Black "Low, Zhen Yu Cyrus"]
[Result "1/2-1/2"]
[WhiteElo "2200"]
[BlackElo "1868"]
[WhiteFideId "4680588"]
[BlackFideId "5804175"]
[EventDate "2013.12.28"]

1. e4 c5 2. Ne2 d6 3. Nbc3 Nf6 4. g3 g6 5. Bg2 Bg7 6. h3 O-O 7. O-O Nc6 8. d3
Rb8 9. f4 Bd7 10. g4 b5 11. Ng3 b4 12. Nce2 a5 13. a3 bxa3 14. Rxa3 Ne8 15. c3
Qb6 16. Kh1 Nc7 17. f5 Ne5 18. g5 Rfe8 19. h4 c4 20. d4 Nd3 21. Nf4 Nxc1 22.
Qxc1 Qxb2 23. Qxb2 Rxb2 24. Rxa5 Nb5 25. Nd5 Bc6 26. e5 Rxg2 27. Kxg2 Bxd5+ 28.
Kh3 Nc7 29. Ra7 Nb5 30. Ra5 Nc7 31. Ra7 Nb5 32. Ra5 1/2-1/2

[Event "89th Hastings Masters 2013-14"]
[Site "Hastings ENG"]
[Date "2013.12.29"]
[Round "2.35"]
[White "Eames, Robert S"]
[Black "Clayton, Tristan"]
[Result "1-0"]
[WhiteTitle "FM"]
[WhiteElo "2195"]
[BlackElo "1832"]
[WhiteFideId "408743"]
[BlackFideId "416533"]
[EventDate "2013.12.28"]

1. e4 c6 2. d4 d5 3. e5 Bf5 4. h4 h5 5. Bg5 Qa5+ 6. c3 e6 7. Ne2 Ne7 8. Ng3 Bxb1
9. Rxb1 g6 10. b4 Qc7 11. Bd3 Nd7 12. O-O Nb6 13. Qb3 Bg7 14. Rfe1 O-O-O 15. a4
Rde8 16. a5 Nd7 17. b5 c5 18. b6 axb6 19. axb6 c4 20. Qa2 Nxb6 21. Bc2 Nc6 22.
Rb5 Nd7 23. Reb1 b6 24. Qa8+ Qb8 25. Qxc6+ Qc7 26. Qa8+ Qb8 27. Qa2 Kc7 28. R5b4
Qb7 29. Ra4 Ra8 30. Be7 Rhc8 31. Qa3 Qc6 32. Ra7+ Rxa7 33. Qxa7+ Qb7 34. Bd6+ 1-0

[Event "89th Hastings Masters 2013-14"]
[Site "Hastings ENG"]
[Date "2013.12.29"]
[Round "2.36"]
[White "Rayner, Francis"]
[Black "Gunn, Michael J"]
[Result "1-0"]
[WhiteElo "2192"]
[BlackElo "1727"]
[WhiteFideId "1800132"]
[BlackFideId "409030"]
[EventDate "2013.12.28"]

1. e4 e6 2. d4 d5 3. Nd2 Nf6 4. e5 Nfd7 5. f4 c5 6. Ngf3 Nc6 7. Nb3 c4 8. Nbd2
b5 9. Be2 Qb6 10. Nf1 f6 11. Ne3 Be7 12. f5 Nf8 13. exf6 Bxf6 14. c3 Qd8 15.
fxe6 Bxe6 16. O-O Ng6 17. Ne1 O-O 18. Bg4 Qd7 19. Bxe6+ Qxe6 20. Qh5 Nce7 21.
Ng4 Kh8 22. Nf3 Ng8 23. Bg5 N6e7 24. Rae1 Qf7 25. Qxf7 Rxf7 26. Nfe5 Rff8 27.
Nd7 Rfe8 28. Ndxf6 Nxf6 29. Nxf6 1-0

[Event "89th Hastings Masters 2013-14"]
[Site "Hastings ENG"]
[Date "2013.12.29"]
[Round "2.37"]
[White "Wadsworth, Matthew J"]
[Black "Dean, Michael J"]
[Result "1-0"]
[WhiteElo "2188"]
[BlackElo "1597"]
[WhiteFideId "415804"]
[BlackFideId "416100"]
[EventDate "2013.12.28"]

1. c4 e5 2. g3 Nf6 3. Bg2 Nc6 4. Nc3 Bc5 5. a3 a5 6. e3 O-O 7. Nge2 d6 8. O-O
Be6 9. d4 Bxc4 10. dxc5 dxc5 11. Bxc6 bxc6 12. Qxd8 Rfxd8 13. f3 Rd3 14. e4 Rad8
15. Kf2 Bb3 16. Be3 c4 17. Nc1 R3d6 18. Nxb3 cxb3 19. Rac1 Nd7 20. Na4 Nb6 21.
Nc5 Rb8 22. Rc3 a4 23. Na6 Ra8 24. Nxc7 Ra7 25. Bxb6 Rb7 26. Ba5 Rd2+ 27. Ke3
Rxb2 28. Rxc6 Rxh2 29. Nd5 h6 30. Bb4 b2 31. Rb1 Rxb4 32. axb4 a3 33. Ra6 1-0

[Event "89th Hastings Masters 2013-14"]
[Site "Hastings ENG"]
[Date "2013.12.29"]
[Round "2.38"]
[White "Chlost, Marlena"]
[Black "Obsieger, Hendrik"]
[Result "1/2-1/2"]
[WhiteTitle "WFM"]
[WhiteElo "2167"]
[BlackElo "1873"]
[WhiteFideId "1122657"]
[BlackFideId "12945137"]
[EventDate "2013.12.28"]

1. e4 c5 2. Nf3 d6 3. d4 cxd4 4. Nxd4 Nf6 5. Nc3 g6 6. Bc4 Bg7 7. O-O O-O 8. Bb3
Nc6 9. Nxc6 bxc6 10. h3 Nd7 11. Be3 Ba6 12. Re1 Ne5 13. Qd2 Nc4 14. Bxc4 Bxc4
15. Bd4 e5 16. Be3 Qc7 17. b3 Be6 18. Bh6 Rad8 19. Bxg7 Kxg7 20. Qe3 f6 21. Na4
d5 22. Nc5 Bc8 23. b4 Rfe8 24. Rad1 Qf7 25. a3 f5 26. f3 Qf6 27. Qb3 Qf7 28. Qc3
Qf6 29. Rd2 dxe4 30. Rxd8 Rxd8 31. fxe4 f4 32. Rf1 Rd4 33. a4 Qd6 34. b5 Rd1 35.
Rxd1 Qxd1+ 36. Kh2 Qd6 37. Nd3 Kf6 38. bxc6 g5 39. Nb4 h5 40. Nd5+ Kf7 41. c7 g4
42. Qc4 Kf8 43. c3 Qe6 44. Qc5+ Kf7 45. hxg4 hxg4 46. Kg1 g3 47. c4 Qd7 48. a5
Qe6 49. Qxa7 Qg4 50. Nc3 f3 51. gxf3 Qh3 52. Ne2 Qh2+ 53. Kf1 g2+ 54. Ke1 Ke8
55. Qc5 Kf7 56. Kd2 Kf6 57. Kc3 Kf7 58. Kb4 g1=Q 59. Qxg1 Qxe2 60. Qa1 Qd2+ 61.
Kc5 Ke6 62. Kb5 Qd6 63. c5 Ba6+ 64. Kb4 Qxc7 65. Qa2+ Kf6 66. Qd5 Ke7 67. Qg8
Qb7+ 68. Kc3 Qb5 69. Qg7+ Ke6 70. Qg6+ Ke7 71. Qg5+ Ke6 72. Qf5+ Ke7 73. Qxe5+
Kf7 74. Qd5+ Ke7 75. c6 Qf1 76. Qd7+ Kf6 77. Qf5+ Ke7 78. Qc5+ Ke6 79. Qf5+ Ke7
80. Qg5+ Ke6 81. Qg8+ Ke7 82. Qg7+ Ke6 83. Qd7+ Kf6 84. Qd6+ Kf7 1/2-1/2

[Event "89th Hastings Masters 2013-14"]
[Site "Hastings ENG"]
[Date "2013.12.29"]
[Round "2.39"]
[White "Dennis, Nigel W"]
[Black "Burnett, Jim"]
[Result "0-1"]
[WhiteElo "1848"]
[BlackElo "2138"]
[WhiteFideId "408913"]
[BlackFideId "402273"]
[EventDate "2013.12.28"]

1. e4 e6 2. d4 d5 3. Nc3 Bb4 4. e5 c5 5. a3 Bxc3+ 6. bxc3 Ne7 7. Qg4 Qc7 8. Qxg7
Rg8 9. Qxh7 cxd4 10. Ne2 dxc3 11. f4 Nbc6 12. Qd3 Bd7 13. Nxc3 a6 14. Rb1 Na5
15. Qd4 Nf5 16. Qb4 O-O-O 17. Bd2 Nc6 18. Qb6 Qxb6 19. Rxb6 Ncd4 20. Kd1 Kc7 21.
Rb2 Rg6 22. Na2 Rh8 23. Ba5+ Kc8 24. Kd2 Nc6 25. Bb6 Ng3 26. Rg1 Nxf1+ 27. Rxf1
Rxg2+ 28. Rf2 Rhxh2 29. Rxg2 Rxg2+ 30. Kc1 Rg4 31. c4 Rxf4 32. cxd5 Rc4+ 33. Kb1
exd5 34. Rh2 Bf5+ 35. Kb2 Nxe5 36. Nc3 Be6 37. Rd2 Rc6 0-1

[Event "89th Hastings Masters 2013-14"]
[Site "Hastings ENG"]
[Date "2013.12.29"]
[Round "2.40"]
[White "Macrae, James S"]
[Black "Sugden, John N"]
[Result "0-1"]
[WhiteElo "1736"]
[BlackElo "2138"]
[WhiteFideId "2401797"]
[BlackFideId "402001"]
[EventDate "2013.12.28"]

1. d4 Nf6 2. Nf3 c5 3. Bg5 cxd4 4. Qxd4 d5 5. e3 Nc6 6. Qd1 e6 7. c3 Be7 8. Be2
h6 9. Bh4 O-O 10. Nbd2 e5 11. O-O e4 12. Nd4 Nxd4 13. cxd4 Bd7 14. f3 exf3 15.
Bxf3 Bc6 16. Rc1 Ne8 17. Bxe7 Qxe7 18. Qe2 Nd6 19. Rc5 Qe6 20. Re1 Rac8 21. Qd3
b6 22. Rc2 Bb7 23. Rec1 Nc4 24. Nxc4 Rxc4 25. Rxc4 dxc4 26. Qe2 Bxf3 27. Qxf3 b5
28. a3 Rd8 29. Rd1 a5 30. e4 Qb6 31. Qc3 Rc8 32. Kh1 b4 33. axb4 axb4 34. Qe3 f6
35. h3 Qa7 36. Qd2 Qb7 37. Qc2 c3 38. bxc3 bxc3 39. Rb1 Qc7 40. Rb3 Qc4 41. d5
Qxb3 42. Qxb3 c2 43. d6+ Kh8 44. d7 c1=Q+ 45. Kh2 Qf4+ 0-1

[Event "89th Hastings Masters 2013-14"]
[Site "Hastings ENG"]
[Date "2013.12.29"]
[Round "2.41"]
[White "French, Max"]
[Black "Pettersen, Joar Gullestad"]
[Result "1/2-1/2"]
[WhiteElo "1718"]
[BlackElo "2013"]
[WhiteFideId "426652"]
[BlackFideId "1505890"]
[EventDate "2013.12.28"]

1. d4 Nf6 2. c4 e6 3. Nf3 Bb4+ 4. Bd2 Qe7 5. a3 Bxd2+ 6. Qxd2 d6 7. Nc3 e5 8. d5
O-O 9. e4 a5 10. b3 Nbd7 11. Bd3 Nc5 12. Bc2 Nh5 13. O-O Bg4 14. Ne1 Nf4 15. h3
Qg5 16. Kh2 Qh4 17. Kg1 Bd7 18. Ne2 Nxe2+ 19. Qxe2 f5 20. Nf3 Qh5 21. exf5 Bxf5
22. Bxf5 Qxf5 23. b4 Nb3 24. Rab1 a4 25. Nd2 Nd4 26. Qe3 Rf6 27. Ne4 Rg6 28. Ng3
Qc2 29. Rfc1 Qa2 30. Ra1 Qb3 31. Rc3 Qb2 32. Qc1 Qxc1+ 33. Raxc1 Rf8 34. Re3 Rf4
35. c5 Nb5 36. cxd6 cxd6 37. Rc8+ Rf8 38. Rxf8+ Kxf8 39. Rf3+ Rf6 40. Rxf6+ gxf6
41. Nf5 Ke8 42. Kf1 Kd7 43. Ke1 Nxa3 44. Kd2 Nc4+ 45. Kc3 b5 46. g4 Nb6 47. Ne3
Ke7 48. Nf5+ Kd7 49. Ne3 Ke8 50. h4 Kf7 51. h5 f5 52. Nxf5 Nxd5+ 53. Kb2 Ke6 54.
Ka3 e4 55. Nd4+ Ke5 56. Nxb5 Nb6 57. g5 d5 58. g6 hxg6 59. hxg6 Kf6 60. Nc3 Kxg6
61. Nxa4 Nc4+ 62. Kb3 Kf5 63. Nc3 Ke5 64. b5 Nb6 65. Na4 Nxa4 66. Kxa4 Kd6 67.
Kb4 d4 68. Kc4 d3 69. Kc3 Kc5 70. f3 exf3 1/2-1/2

[Event "89th Hastings Masters 2013-14"]
[Site "Hastings ENG"]
[Date "2013.12.29"]
[Round "2.44"]
[White "Shierlaw, Hamish"]
[Black "Young, Mel J"]
[Result "0-1"]
[WhiteElo "1605"]
[BlackElo "1902"]
[WhiteFideId "4301765"]
[BlackFideId "410357"]
[EventDate "2013.12.28"]

1. e4 c5 2. Nf3 d6 3. d4 cxd4 4. Nxd4 Nf6 5. Nc3 a6 6. Be3 e5 7. Nb3 Be6 8. Be2
Be7 9. O-O O-O 10. Qd2 Nbd7 11. Rfd1 Rc8 12. Rac1 Qc7 13. Bf3 Nb6 14. Bxb6 Qxb6
15. Nd5 Nxd5 16. exd5 Bf5 17. c4 h6 18. Qa5 Qxa5 19. Nxa5 Bg5 20. Rc3 b6 21. Nc6
Rfe8 22. Be2 Bd7 23. Nb4 a5 24. Nc2 Ba4 25. Bg4 Bxc2 26. Rxc2 Rc7 27. Rd3 b5 28.
Rdc3 b4 29. Rd3 g6 30. Rd1 a4 31. Be2 Kg7 32. Bd3 Rcc8 33. f3 Be3+ 34. Kf1 f5
35. Re1 Bd4 36. Rce2 a3 37. b3 Rc7 38. Rc2 Rf7 39. g3 e4 40. Be2 Bc3 41. Rd1 h5
42. f4 h4 43. Kg2 Rh8 44. Rh1 Kf8 45. Rcc1 Bd2 46. Rcd1 Be3 47. Rdf1 h3# 0-1

[Event "89th Hastings Masters 2013-14"]
[Site "Hastings ENG"]
[Date "2013.12.29"]
[Round "2.45"]
[White "Staniforth, Matthew"]
[Black "Witt, Holger"]
[Result "1-0"]
[WhiteElo "1899"]
[BlackElo "1648"]
[WhiteFideId "1802593"]
[BlackFideId "24678139"]
[EventDate "2013.12.28"]

1. d4 Nf6 2. c4 g6 3. Nc3 Bg7 4. Nf3 O-O 5. e4 d6 6. Be2 e5 7. Be3 Na6 8. O-O
Qe8 9. Nd2 exd4 10. Bxd4 Nc5 11. f3 Ne6 12. Bf2 Nf4 13. Re1 Nxe2+ 14. Nxe2 Nd7
15. Qc2 Ne5 16. Nd4 Bd7 17. Rad1 a6 18. Nf1 Be6 19. Ne3 Qd7 20. b3 Nc6 21. Nxc6
Qxc6 22. Nd5 Bxd5 23. exd5 Qd7 24. Bd4 Bxd4+ 25. Rxd4 Rae8 26. Rde4 b6 27. Qe2
Rxe4 28. Qxe4 a5 29. Kf2 Qd8 30. Qe7 Qxe7 31. Rxe7 Rc8 32. Kg3 Kf8 33. Re4 Re8
34. Kf4 h6 35. g4 Rxe4+ 36. fxe4 f6 37. h4 Kf7 38. h5 Kg7 39. Kf3 g5 40. a3 Kf7
41. b4 axb4 42. axb4 Ke7 43. Ke3 Kf7 44. Kd4 Ke7 45. Kc3 Kd7 46. Kb3 Kd8 47. Ka4
Kc8 48. Kb5 Kb7 49. c5 bxc5 50. bxc5 Kc8 51. cxd6 Kd7 52. dxc7 Kxc7 53. Kc5 Kd7
54. d6 Kd8 55. Kc6 Kc8 56. d7+ Kd8 57. Kd6 1-0

[Event "89th Hastings Masters 2013-14"]
[Site "Hastings ENG"]
[Date "2013.12.30"]
[Round "3.1"]
[White "Vakhidov, Jahongir"]
[Black "Ma, Qun"]
[Result "1/2-1/2"]
[WhiteTitle "IM"]
[BlackTitle "GM"]
[WhiteElo "2452"]
[BlackElo "2595"]
[WhiteFideId "14201801"]
[BlackFideId "8603154"]
[EventDate "2013.12.28"]

1. d4 d5 2. c4 c6 3. cxd5 cxd5 4. Bf4 Nc6 5. e3 Nf6 6. Nc3 a6 7. Be2 Bf5 8. Nf3
e6 9. Qb3 Bd6 10. Bxd6 Qxd6 11. Qxb7 O-O 12. Qb3 Rfb8 13. Qa3 Qxa3 14. bxa3 Ne4
15. Na4 Na7 16. Nh4 Bg6 17. f3 Nd6 18. Nxg6 hxg6 19. Nc5 Nab5 20. a4 Nc3 21. Bd3
Rb2 22. O-O a5 23. Rf2 Rab8 24. Nb3 Rxf2 25. Kxf2 Nxa2 26. Nxa5 Rb2+ 27. Kg1 Nb4
28. Ra3 Nxd3 29. Rxd3 Ra2 30. Nc6 Rxa4 31. Rd2 Nc4 32. Re2 g5 33. Kf2 Kh7 34. g4
Ra1 35. Ne5 Nxe5 36. dxe5 1/2-1/2

[Event "89th Hastings Masters 2013-14"]
[Site "Hastings ENG"]
[Date "2013.12.30"]
[Round "3.2"]
[White "Gormally, Daniel W"]
[Black "Haria, Ravi"]
[Result "1-0"]
[WhiteTitle "GM"]
[WhiteElo "2500"]
[BlackElo "2160"]
[WhiteFideId "406465"]
[BlackFideId "415820"]
[EventDate "2013.12.28"]

1. d4 e6 2. Nf3 Nf6 3. c4 d5 4. g3 Be7 5. Bg2 O-O 6. O-O dxc4 7. Nc3 Nc6 8. Bg5
Rb8 9. Qa4 a6 10. Qxc4 b5 11. Qd3 h6 12. Bxf6 Bxf6 13. Rfd1 Bb7 14. Rac1 Be7 15.
Qb1 Na5 16. Ne5 Bxg2 17. Kxg2 Rb6 18. d5 b4 19. dxe6 Qa8+ 20. Nd5 fxe6 21. Rxc7
exd5 22. Rxe7 Qd8 23. Rd7 Qf6 24. Nf3 Qe6 25. R7xd5 Qxe2 26. Qd3 Qxd3 27. R1xd3
Nc4 28. b3 Na3 29. Ne5 Re8 30. f4 Nb5 31. Rd7 Rbe6 32. h4 h5 33. Kf3 Rc8 34. Ke4
Nc3+ 35. Kf3 Nb5 36. g4 Rf8 37. Rd8 hxg4+ 38. Kxg4 Nc3 39. h5 Ree8 40. Rxe8 Rxe8
41. a4 a5 42. Rd7 Ra8 43. h6 gxh6 44. Kh5 Kf8 45. Kxh6 Ra6+ 46. Ng6+ Ke8 47.
Re7+ Kd8 48. Re5 Kc7 49. f5 Rd6 50. Kg7 Nd5 51. Rxd5 1-0

[Event "89th Hastings Masters 2013-14"]
[Site "Hastings ENG"]
[Date "2013.12.30"]
[Round "3.3"]
[White "Khenkin, Igor"]
[Black "Flear, Glenn C"]
[Result "1/2-1/2"]
[WhiteTitle "GM"]
[BlackTitle "GM"]
[WhiteElo "2598"]
[BlackElo "2471"]
[WhiteFideId "4659600"]
[BlackFideId "400165"]
[EventDate "2013.12.28"]

1. c4 e6 2. d4 d5 3. Nf3 Nf6 4. Nc3 c6 5. Bg5 Nbd7 6. cxd5 exd5 7. e3 Be7 8. Qc2
O-O 9. Bd3 Re8 10. h3 Nf8 11. O-O Be6 12. Rab1 Rc8 13. Rfc1 N6d7 14. Bf4 Nb6 15.
Na4 Nxa4 16. Qxa4 Ra8 17. b4 a6 18. Qc2 g6 19. a4 Nd7 20. Ne5 Rc8 21. Qd1 Nb6
22. a5 Nd7 23. Bxa6 Nxe5 24. Bxb7 Nc4 25. Bxc8 Qxc8 26. Qa4 Qa6 27. b5 cxb5 28.
Qxb5 Ra8 29. Qxa6 Rxa6 30. Rb7 Bf8 31. Rb8 Kg7 32. Ra1 Ba3 33. Bc7 h5 34. Ra2
Kf6 35. Bd8+ Be7 36. Bxe7+ Kxe7 37. Rb5 Kd7 38. Rc5 Nd6 39. Rac2 Nc4 40. e4 Kd6
41. e5+ Kd7 42. Ra2 Ra7 43. Kf1 Nb6 44. Ke2 Na8 45. Rb2 Nc7 46. Rb6 Kd8 47. Ke3
Bd7 48. h4 Ke7 49. f3 Kd8 50. Rd6 Ke7 51. Rb6 Kd8 52. g3 Ke7 53. Rd6 Bc8 54.
Rdc6 Kd8 55. Rd6+ Ke7 56. Rb6 Bd7 57. Rb2 Kd8 58. Rb8+ Ke7 59. Rb1 Kd8 60. Rb8+
Ke7 61. Rb6 Kd8 62. Rd6 Ke7 63. Kd3 Bb5+ 64. Ke3 1/2-1/2

[Event "89th Hastings Masters 2013-14"]
[Site "Hastings ENG"]
[Date "2013.12.30"]
[Round "3.4"]
[White "Stonehouse, Tom H"]
[Black "Mchedlishvili, Mikheil"]
[Result "0-1"]
[BlackTitle "GM"]
[WhiteElo "1772"]
[BlackElo "2649"]
[WhiteFideId "423092"]
[BlackFideId "13600966"]
[EventDate "2013.12.28"]

1. e4 c5 2. Nf3 e6 3. d4 cxd4 4. Nxd4 a6 5. Bd3 Nf6 6. O-O e5 7. Nb3 d6 8. Nc3
Be7 9. Be3 O-O 10. f3 b5 11. Qe2 Be6 12. Rad1 Nbd7 13. Qf2 Kh8 14. a3 Rb8 15.
Rd2 Nb6 16. Na5 Qc7 17. Bxb5 axb5 18. Nxb5 Qd7 19. Bxb6 Qxb5 20. Bc7 Rbc8 21.
Qb6 Qxb6+ 22. Bxb6 Rb8 23. Bc7 Rxb2 24. Nc6 Ne8 25. Ba5 Bg5 26. Rdd1 Rxc2 27.
Nb4 Be3+ 28. Kh1 Rc8 29. Nd5 Bxd5 30. Rxd5 Bc5 31. Bb4 Nc7 32. Bxc5 Nxd5 33.
Bxd6 Rfd8 0-1

[Event "89th Hastings Masters 2013-14"]
[Site "Hastings ENG"]
[Date "2013.12.30"]
[Round "3.5"]
[White "Tomczak, Jacek"]
[Black "Mueller, Constantin"]
[Result "1-0"]
[WhiteTitle "GM"]
[WhiteElo "2569"]
[BlackElo "2047"]
[WhiteFideId "1124668"]
[BlackFideId "24697630"]
[EventDate "2013.12.28"]

1. e4 e6 2. d4 d5 3. Nc3 Bb4 4. e5 c5 5. a3 Bxc3+ 6. bxc3 Ne7 7. h4 Qc7 8. h5 h6
9. Bd3 Bd7 10. Rb1 Ba4 11. Rh4 c4 12. Be2 Nd7 13. Rg4 Nf5 14. Nf3 O-O-O 15. Bf4
Qa5 16. Qd2 Rhg8 17. Nh4 Ne7 18. Kf1 Nb6 19. Rg3 Rdf8 20. Qc1 Bc6 21. Bg4 Na4
22. Qd2 Bd7 23. Re1 Nb2 24. Qc1 Na4 25. Kg1 Nc6 26. Bd2 Qd8 27. Rh3 Kb8 28. Rf1
Ne7 29. Re1 Nf5 30. Bxf5 exf5 31. Bf4 Ka8 32. Ree3 Be6 33. Ref3 Qd7 34. Bd2 Rh8
35. Rhg3 Rfg8 36. Rf4 Nb6 37. Rff3 Nc8 38. Rh3 Ne7 39. Rh1 Rh7 40. Rg3 Qe8 41.
Nf3 Qf8 42. a4 Rgh8 43. Rgh3 Nc6 44. Qb2 Qd8 45. Kf1 a6 46. Ke2 Qe7 47. Bc1 Qd8
48. Qa1 Qa5 49. Ba3 Qxa4 50. Qb2 Qa5 51. Kd2 Qd8 52. Rb1 Bc8 53. Rg3 b5 54. Bc5
f4 55. Rg6 fxg6 56. hxg6 Bf5 57. gxh7 Bxh7 58. Ra1 Kb7 59. Qa3 Nb8 60. Bd6 Qb6
61. e6 b4 62. Bxb4 Qxe6 63. Bd6 Qg6 64. Rb1+ Ka7 65. Qc5+ Ka8 66. Qxd5+ 1-0

[Event "89th Hastings Masters 2013-14"]
[Site "Hastings ENG"]
[Date "2013.12.30"]
[Round "3.6"]
[White "Knott, Simon J B"]
[Black "Gordon, Stephen J"]
[Result "1/2-1/2"]
[WhiteTitle "IM"]
[BlackTitle "GM"]
[WhiteElo "2317"]
[BlackElo "2519"]
[WhiteFideId "400645"]
[BlackFideId "411477"]
[EventDate "2013.12.28"]

1. Nf3 d5 2. d4 Nf6 3. c4 c6 4. e3 Bg4 5. Qb3 Qb6 6. Nc3 e6 7. Nh4 Bh5 8. h3 Be7
9. g4 Bg6 10. Nxg6 hxg6 11. Bg2 g5 12. Bd2 Nbd7 13. O-O-O a5 14. Qxb6 Nxb6 15.
cxd5 Nfxd5 16. Nxd5 Nxd5 17. e4 Nf4 18. Bf1 Rh4 19. f3 Bd8 20. Kb1 Bb6 21. Rh2
Rd8 22. Bxf4 gxf4 23. Rhd2 Rh6 24. Rd3 Kd7 25. a4 Kc7 26. Ka2 g5 27. Kb3 e5 28.
dxe5 Rxd3+ 29. Rxd3 Re6 30. Rd2 Rxe5 31. Bc4 f6 32. h4 gxh4 33. Rh2 Re7 34. Rxh4
Bd4 35. Rh5 Be5 36. g5 fxg5 37. Rxg5 Kd6 38. Rg6+ Kc5 39. Re6 1/2-1/2

[Event "89th Hastings Masters 2013-14"]
[Site "Hastings ENG"]
[Date "2013.12.30"]
[Round "3.7"]
[White "Hawkins, Jonathan"]
[Black "Mannion, Stephen R"]
[Result "1-0"]
[WhiteTitle "IM"]
[BlackTitle "IM"]
[WhiteElo "2512"]
[BlackElo "2375"]
[WhiteFideId "412686"]
[BlackFideId "2400111"]
[EventDate "2013.12.28"]

1. d4 d5 2. c4 dxc4 3. e4 e5 4. Nf3 exd4 5. Bxc4 Nc6 6. O-O Be6 7. Bb5 Bc5 8. b4
Bb6 9. a4 a6 10. Bxc6+ bxc6 11. a5 Ba7 12. Bb2 Qd6 13. Na3 Rd8 14. Nc2 Ne7 15.
Bxd4 Bxd4 16. Qxd4 O-O 17. Rfd1 Bb3 18. Rac1 Bxc2 19. Rxc2 Rb8 20. Rc4 Rfd8 21.
h3 f6 22. Rd2 Kf7 23. Qe3 Qe6 24. Qf4 h6 25. Rcd4 Rxd4 26. Rxd4 Rb7 27. Kh2 Ng6
28. Qd2 Ke7 29. Ne1 c5 30. bxc5 Qe5+ 31. g3 c6 32. Qc3 Rb5 33. Nd3 Qe6 34. Nb4
Ne5 35. Rd6 Qc8 36. f4 Nd7 37. Nxc6+ Kf8 38. Qd2 Rxc5 39. Na7 1-0

[Event "89th Hastings Masters 2013-14"]
[Site "Hastings ENG"]
[Date "2013.12.30"]
[Round "3.8"]
[White "Rahman, Ziaur"]
[Black "Prosviriakov, Vladimir"]
[Result "1-0"]
[WhiteTitle "GM"]
[BlackTitle "IM"]
[WhiteElo "2496"]
[BlackElo "2282"]
[WhiteFideId "10200037"]
[BlackFideId "2004860"]
[EventDate "2013.12.28"]

1. d4 e6 2. Nf3 Nf6 3. Bf4 Nh5 4. Bg5 Be7 5. Bxe7 Qxe7 6. e3 d6 7. c4 O-O 8. Nc3
Nf6 9. Be2 e5 10. h3 c6 11. Qc2 Na6 12. a3 Nc7 13. dxe5 dxe5 14. Nd2 Be6 15. O-O
Rad8 16. Rfd1 g6 17. b4 Bf5 18. Qb2 b6 19. Nf1 Rxd1 20. Rxd1 Rd8 21. Rxd8+ Qxd8
22. g4 Be6 23. Ng3 h5 24. Nce4 hxg4 25. Nxf6+ Qxf6 26. hxg4 Ne8 27. Ne4 Qg7 28.
Qd2 f5 29. Qd8 Bf7 30. Nd6 Qf6 31. Qxf6 Nxf6 32. gxf5 gxf5 33. Nc8 Be8 34. Nxa7
Bd7 35. Bf3 e4 36. Bd1 Kf7 37. Ba4 c5 38. Bxd7 Nxd7 39. Nc8 cxb4 40. axb4 Ke6
41. Kg2 Kf6 42. Kh3 Ke6 43. Kg3 Ke5 44. Ne7 Nf6 45. Nc6+ Kd6 46. Nd4 Ke5 47. Ne2
Nh5+ 48. Kh4 Nf6 49. Nf4 Ng4 50. Kg3 Kd6 51. Ng6 Ke6 52. Nf8+ Ke7 53. Ng6+ Ke6
54. Kg2 Kf6 55. Nf4 Ke5 56. Nh5 Ke6 57. Ng7+ Kf6 58. Ne8+ Ke7 59. Nc7 Kd6 60.
Nb5+ Ke5 61. Kg3 Nf6 62. Nc3 Nh5+ 63. Kh4 Nf6 64. Na4 Nd7 65. Kg3 Kf6 66. Kh4
Kg6 67. c5 bxc5 68. Nxc5 Nb6 69. Ne6 Kf6 70. Nf4 Nd7 71. b5 Nb6 72. Kh5 Nd7 73.
Kh6 Nb6 74. Nh5+ Ke5 75. Kg5 Nc8 76. Nf4 Nd6 77. b6 Nf7+ 78. Kg6 Nd6 79. Kg7 Nb7
80. Kf7 Kd6 81. Kf6 Kc6 82. Kxf5 Nc5 83. Nh3 Kxb6 84. Ng5 Kc6 85. Nxe4 Nd3 86.
f4 Kd7 87. Nd2 Ke7 88. e4 Nb4 89. Nf3 Nd3 90. e5 Nf2 91. Ng5 Nd1 92. Kg6 Ne3 93.
f5 Nd5 94. f6+ Ke8 95. Kg7 1-0

[Event "89th Hastings Masters 2013-14"]
[Site "Hastings ENG"]
[Date "2013.12.30"]
[Round "3.9"]
[White "Foisor, Cristina-Adela"]
[Black "Arkell, Keith C"]
[Result "1/2-1/2"]
[WhiteTitle "IM"]
[BlackTitle "GM"]
[WhiteElo "2355"]
[BlackElo "2438"]
[WhiteFideId "1200496"]
[BlackFideId "400270"]
[EventDate "2013.12.28"]

1. c4 e6 2. g3 d5 3. Nf3 Nf6 4. Bg2 Be7 5. O-O O-O 6. d4 Nbd7 7. Qc2 c6 8. b3 b6
9. Rd1 Bb7 10. Nc3 Rc8 11. e4 Nxe4 12. Nxe4 dxe4 13. Qxe4 Nf6 14. Qe2 Ba8 15.
Bb2 Qc7 16. Ne5 Rfd8 17. Rd3 c5 18. Rad1 Bxg2 19. Kxg2 cxd4 20. Rxd4 Rxd4 21.
Rxd4 h6 22. Rd3 a6 23. Qf3 Bd6 24. Ng4 Nxg4 25. Qxg4 Be5 26. Bxe5 Qxe5 27. Rd7
b5 28. Qf3 bxc4 29. bxc4 Rxc4 30. Rxf7 Rc3 31. Rf8+ Kh7 32. Qb7 Qd5+ 33. Qxd5
exd5 34. Rd8 Rd3 35. a4 Ra3 36. Rxd5 Rxa4 37. h4 Rb4 38. Rd6 a5 39. Ra6 Rb5 40.
g4 h5 41. g5 Rb4 42. Rxa5 Rxh4 43. f3 Rb4 44. Ra6 h4 45. Kh3 Rf4 46. Rb6 Rxf3+ 1/2-1/2